00337nam a2200121Ia 4500008004100000041000800041082001600049100001800065245004500083260004400128300003200172365001100204240624s9999 xx 000 0 und d aeng a330.019 ALT aALTMAN MORRIS aHANDBOOK OF CONTEMPORARY BEHAVIORAL ECON c2007aNew DelhibPrentice-Hall of India axxii, : 762 : p. : cm. ; 23 cRSb36